Manon / (Record no. 196095)

MARC details
000 -LEADER
campo de control de longitud fija 03099njm a2200613 i 4500
001 - NÚMERO DE CONTROL
campo de control 196095
003 - IDENTIFICADOR DE NÚMERO DE CONTROL
campo de control ES-MaACL
005 - FECHA Y HORA DE LA ÚLTIMA TRANSACCIÓN
campo de control 20250904042257.0
007 - CAMPO FIJO DE DESCRIPCIÓN FÍSICA--INFORMACIÓN GENERAL
campo de control de longitud fija sd*fsngnnmmned
008 - DATOS DE LONGITUD FIJA--INFORMACIÓN GENERAL
campo de control de longitud fija 240209s2006 sp opn d / fre
015 ## - NÚMERO DE BIBLIOGRAFÍA NACIONAL
Número de bibliografía nacional SON06
017 ## - NÚMERO DE COPYRIGHT O DE DEPÓSITO LEGAL
Número de copyright o de depósito legal M 48050-2006
Agencia que asigna Oficina Depósito Legal Madrid
020 ## - NÚMERO INTERNACIONAL ESTÁNDAR DEL LIBRO
Número Internacional Estándar del Libro 9788496832183
035 ## - NÚMERO DE CONTROL DEL SISTEMA
Número de control de sistema (OCoLC)733210509
035 ## - NÚMERO DE CONTROL DEL SISTEMA
Número de control de sistema (SpMaBN)a4579714
040 ## - FUENTE DE CATALOGACIÓN
Centro catalogador/agencia de origen SpMaBN
Lengua de catalogación spa
Centro/agencia transcriptor SpMaBN
Normas de descripción rdc
100 1# - ENTRADA PRINCIPAL--NOMBRE DE PERSONA
Nombre de persona Massenet, Jules,
Fechas asociadas al nombre 1842-1912
9 (RLIN) 240595
Término indicativo de función/relación Compositor
240 10 - TÍTULO UNIFORME
Título uniforme Manon
245 10 - MENCIÓN DEL TÍTULO
Título Manon /
Mención de responsabilidad, etc. Massenet ; libreto de Henri Meilhac y Philippe Gille
Medio [Grabación sonora]
260 ## - PUBLICACIÓN, DISTRIBUCIÓN, ETC.
Lugar de publicación, distribución, etc. Madrid :
Nombre del editor, distribuidor, etc. Prisa Innova,
Fecha de publicación, distribución, etc. D.L. 2006
264 ## - PRODUCCIÓN, PUBLICACIÓN, DISTRIBUCIÓN, FABRICACIÓN Y COPYRIGHT
Producción, publicación, distribución, fabricación y copyright ©2007
300 ## - DESCRIPCIÓN FÍSICA
Extensión 2 discos (CD Audio) +
Material acompañante/anejo 1 libro (108 páginas)
336 ## - TIPO DE CONTENIDO
Fuente rdacontent
Término de tipo de contenido música (interpretada)
337 ## - TIPO DE MEDIO
Fuente rdamedia
Nombre/término del tipo de medio audio
338 ## - TIPO DE SOPORTE
Fuente rdacarrier
Nombre/término del tipo de soporte volumen
490 1# - MENCIÓN DE SERIE
Mención de serie Los clásicos de la ópera, 400 años ;
Designación de volumen o secuencia 19
500 ## - NOTA GENERAL
Nota general Remasterizado
511 1# - NOTA DE PARTICIPANTES O INTÉRPRETES
Nota de participantes o intérpretes Victoria de los Ángeles, Henri Legay, Michel Dens, Jean Borthayre, René Hérent, Jean Vieuille, Liliane Berton, Raymonde Notti, Marthe Serres ; Coros y Orquesta del Teatro Nacional de la Ópera Cómica ; Pierre Monteux, director musical.
518 ## - NOTA DE FECHA/HORA Y LUGAR DE UN ACONTECIMIENTO
Nota de fecha/hora y lugar de un acontecimiento Grabado en la Salle de la Mutualité, París, en mayo y junio de 1955
520 ## - RESUMEN, ETC.
Sumario, etc. Basada en la novela del abate Prévost La verdadera historia del caballero Des Grieux y de Manon Lescaut, inspirada a su vez en personajes reales, la Manon de Massenet, estrenada en París el 19 de enero de 1884, revoluciona decididamente los esquemas de la ópera cómica francesa, si bien su autor no renuncia a dotar a su obra de arias y concertantes de un efecto arrebatador.
650 #7 - PUNTO DE ACCESO ADICIONAL DE MATERIA--TÉRMINO DE MATERIA
Término de materia o nombre geográfico como elemento de entrada Óperas-
9 (RLIN) 137584
Subdivisión de forma Libretos
655 #7 - TERMINO DE INDIZACIÓN--GENERO/FORMA
Datos o término principal de género/forma Libretos
Fuente del término
9 (RLIN) 242219
700 1# - ENTRADA AGREGADA--NOMBRE PERSONAL
Nombre de persona Meilhac, Henri,
Fechas asociadas al nombre 1831-1897
9 (RLIN) 235569
Término indicativo de función/relación Libretista
700 1# - ENTRADA AGREGADA--NOMBRE PERSONAL
Nombre de persona Gille, Philippe,
Fechas asociadas al nombre 1831-1901-
Título de la obra Manon-
Lenguaje de la obra Español-Francés
9 (RLIN) 238192
Término indicativo de función/relación Libretista
700 1# - ENTRADA AGREGADA--NOMBRE PERSONAL
Nombre de persona Victoria de los Ángeles,
Fechas asociadas al nombre 1923-2005
9 (RLIN) 237868
Término indicativo de función/relación Intérprete
700 1# - ENTRADA AGREGADA--NOMBRE PERSONAL
Nombre de persona Legay, Henri,
Fechas asociadas al nombre 1920-1992
9 (RLIN) 238193
Término indicativo de función/relación Intérprete
700 1# - ENTRADA AGREGADA--NOMBRE PERSONAL
Nombre de persona Dens, Michel,
Fechas asociadas al nombre 1911-2000
9 (RLIN) 238194
Término indicativo de función/relación Intérprete
700 1# - ENTRADA AGREGADA--NOMBRE PERSONAL
Nombre de persona Borthayre, Jean,
Fechas asociadas al nombre 1902-1984
9 (RLIN) 238195
Término indicativo de función/relación Intérprete
700 1# - ENTRADA AGREGADA--NOMBRE PERSONAL
Nombre de persona Hérent, René,
Fechas asociadas al nombre 1897-1966
9 (RLIN) 238196
Término indicativo de función/relación Intérprete
700 1# - ENTRADA AGREGADA--NOMBRE PERSONAL
Nombre de persona Vieuille, Jean,
Fechas asociadas al nombre 1902-1967
9 (RLIN) 238197
Término indicativo de función/relación Intérprete
700 1# - ENTRADA AGREGADA--NOMBRE PERSONAL
Nombre de persona Berton, Liliane,
Fechas asociadas al nombre 1924-2009
9 (RLIN) 238198
Término indicativo de función/relación Intérprete
700 1# - ENTRADA AGREGADA--NOMBRE PERSONAL
Nombre de persona Notti, Raymonde
9 (RLIN) 238199
Término indicativo de función/relación Intérprete
700 1# - ENTRADA AGREGADA--NOMBRE PERSONAL
Nombre de persona Serres, Marthe
9 (RLIN) 238200
Término indicativo de función/relación Intérprete
700 1# - ENTRADA AGREGADA--NOMBRE PERSONAL
Nombre de persona Monteux, Pierre,
Fechas asociadas al nombre 1875-1964
9 (RLIN) 238201
Término indicativo de función/relación Director musical
710 2# - ENTRADA AGREGADA--NOMBRE DE ENTIDAD CORPORATIVA
Nombre de entidad corporativa o nombre de jurisdicción como elemento de entrada Orchestre du Théâtre National de l'Opéra Comique (París)
9 (RLIN) 238202
710 2# - ENTRADA AGREGADA--NOMBRE DE ENTIDAD CORPORATIVA
Nombre de entidad corporativa o nombre de jurisdicción como elemento de entrada Choeur du Théâtre National de l'Opéra Comique (París)
9 (RLIN) 238203
852 ## - LOCALIZACIÓN
Ubicación ES-MaACL
Sublocalización o colección R.155029
Ubicación en estantería Depósito J
Número de control de estantería N-9814
Donativo/Legado Donación: Miren Fernández
Encuadernación Encuadernación cartoné
Designación de la unidad física Volumen 19
itemnumber 205653
903 ## - NOMBRE PERSONAL DE DONANTE
a Fernández, Miren
e Donante
942 ## - ELEMENTOS DE ENTRADA SECUNDARIOS (KOHA)
Tipo de ítem Koha Libro impreso
Suprimir en OPAC No
Holdings
Estatus retirado Estado de pérdida Fuente del sistema de clasificación o colocación Estado de daño No para préstamo Biblioteca de origen Biblioteca actual Ubicación en estantería Fecha de adquisición Fuente de adquisición Total de préstamos Signatura topográfica completa Código de barras Visto por última vez Precio de reemplazo Tipo de ítem Koha
    Clasificación decimal universal     Biblioteca del Ateneo de Madrid Biblioteca del Ateneo de Madrid Depósito J 20/05/2025 Donación   N-9814 101230119 20/05/2025 20/05/2025 Libro impreso